Pueblos de Galicia: Al veros caer en poder del enemigo sin resistencia alguna, al contemplar ocupados los emporios navales que ensobebecen vuestras costas, y dominada de mar á mar tan principal y poderosa Provincia, la indignacion y el dolor hicieron prorumpir á vuestra patria en quejas de maldicion y de enojo / (Record no. 173049)

MARC details
000 -LEADER
campo de control de longitud fija 01157nam a2200217 i 4500
001 - NÚMERO DE CONTROL
campo de control 173049
003 - IDENTIFICADOR DE NÚMERO DE CONTROL
campo de control ES-MaACL
005 - FECHA Y HORA DE LA ÚLTIMA TRANSACCIÓN
campo de control 20240229062731.0
007 - CAMPO FIJO DE DESCRIPCIÓN FÍSICA--INFORMACIÓN GENERAL
campo de control de longitud fija t|
008 - DATOS DE LONGITUD FIJA--INFORMACIÓN GENERAL
campo de control de longitud fija 091020q1809 sp b |||| | spa d
100 1# - ENTRADA PRINCIPAL--NOMBRE DE PERSONA
Nombre de persona Garay, Martin de.
9 (RLIN) 53943
245 10 - MENCIÓN DEL TÍTULO
Título Pueblos de Galicia: Al veros caer en poder del enemigo sin resistencia alguna, al contemplar ocupados los emporios navales que ensobebecen vuestras costas, y dominada de mar á mar tan principal y poderosa Provincia, la indignacion y el dolor hicieron prorumpir á vuestra patria en quejas de maldicion y de enojo /
Mención de responsabilidad, etc. [por Martín de Garay].
260 ## - PUBLICACIÓN, DISTRIBUCIÓN, ETC.
Lugar de publicación, distribución, etc. [Sevilla :
Nombre del editor, distribuidor, etc. s.n.,
Fecha de publicación, distribución, etc. 1809]
300 ## - DESCRIPCIÓN FÍSICA
Extensión [4] p. ;
Dimensiones 22 cm.
530 ## - NOTA DISPONIBLE DE FORMULARIO FÍSICO ADICIONAL
Nota de formato físico adicional disponible Disponible en formato digital.
590 0# - NOTA LOCAL (RLIN)
Nota local Título tomado del comienzo del texto y autor del final del texto.
651 #4 - PUNTO DE ACCESO ADICIONAL DE MATERIA--NOMBRE GEOGRÁFICO
Nombre geográfico España-
Subdivisión general Historia-
Subdivisión cronológica 1808-1814, Guerra de la Independencia
9 (RLIN) 8244
852 ## - LOCALIZACIÓN
Ubicación ES-MaACL
Número de control de estantería R-3318(11)
condición física - Ejemplar sin port. ni cub.
Nota libre - Enc. en un vol. facticio con otras obras formando "Miscelánea patriótica"
856 ## - LOCALIZACIÓN Y ACCESO ELECTRÓNICOS
Identificador Uniforme de Recursos <a href="http://bdh-rd.bne.es/viewer.vm?id=0000069624&page=1 ">http://bdh-rd.bne.es/viewer.vm?id=0000069624&page=1 </a>
Nota pública Biblioteca Digital Hispánica
Holdings
Estatus retirado Estado de pérdida Estado de daño No para préstamo Colección Biblioteca de origen Biblioteca actual Ubicación en estantería Fecha de adquisición Fuente de adquisición Total de préstamos Signatura topográfica completa Código de barras Visto por última vez Precio de reemplazo Tipo de ítem Koha
        Colección digital Biblioteca del Ateneo de Madrid Biblioteca del Ateneo de Madrid Depósito 20/10/2009     R-3318(11) 1181581 23/02/2023 23/02/2023 Libro impreso antiguo